00498nam a2200193 a 4500001001300000003000900013005001700022008004100039020001000080082001900090100001900109245003200128260004800160300000900208500003500217505001000252650002300262700001900285nice12345678IN_TiNIC20260116011504.0050524s1960 lona grp 000 0 eng  ac10000a297.1977bNIZ1 aNizamul Mulk,  aSiyasat Namah/sair Al-Muluk aLondonbKegna Paul Trench and Companyc1960 a259p aincludes index and biblioraphy2 aIndex aIslam and Politics1 aNizamul Mulk,